Cameron Diaz Movies: Multiple Choice - Statistics

General Stats
  • This quiz has been taken 587 times
  • The average score is 11 of 15
Answer Stats
Question Answer % Correct
Which one? Charlie's Angels
97%
Which one? There's Something About Mary
97%
Which one? Bad Teacher
93%
Which one? Shrek
93%
Which one? Being John Malkovich
76%
Which one? My Sister's Keeper
76%
Which one? The Mask
76%
Which one? Vanilla Sky
76%
Which one? Knight and Day
72%
Which one? My Best Friend's Wedding
72%
Which one? Gangs of New York
69%
Which one? The Box
59%
Which one? The Green Hornet
59%
Which one? Very Bad Things
59%
Which one? Any Given Sunday
55%
No matching quizzes found
Score Distribution
Percent of People with Each Score
Percentile by Number Answered
Your Score History
You have not taken this quiz